000 00749cam a2200229 4500
008 000000n2000 000 0 eng u
020 _a0582432154
035 _a(Sirsi) u105814
041 _aeng
050 _a692.2
100 _aBarritt, C.M.H.
245 4 _aThe building acts and regulations applied : houses and flats.
250 _a2nd ed. revised
260 _aHarlow
_bLongman
_c2000
300 _axiv,269p. : ill. ; 24cm.
350 _a18.99
520 _aA new edition, taking into account changes to regulations and Approved documents since 1995, including provisions for disabled people.
650 _aBUILDING ACTS
650 _aBUILDING REGULATIONS
_96224
690 _aBUILT ENVIRONMENT-BUILDING STANDARDS
942 _n0
999 _c100476
_d100476